书目信息 |
| 题名: |
优质提问教学法
|
|
| 作者: | 沃尔什 , 萨特斯 著 ;刘彦 译 | |
| 分册: | ||
| 出版信息: | 北京 中国轻工业出版社 2009 |
|
| 页数: | 150页 | |
| 开本: | 25cm | |
| 丛书名: | ||
| 单 册: | ||
| 中图分类: | G632.421 , G424.1 | |
| 科图分类: | ||
| 主题词: | 课堂教学--教学法--中小学 , 教学理论 | |
| 电子资源: | ||
| ISBN: | 978-7-5019-6691-2 | |
| 000 | 01276nam0 2200301 450 | |
| 001 | 2540391179 | |
| 005 | 20250306111428.71 | |
| 010 | @a978-7-5019-6691-2@dCNY19.00 | |
| 100 | @a20090202d2009 em y0chiy50 ea | |
| 101 | 1 | @achi@ceng |
| 102 | @aCN@b110000 | |
| 105 | @aa z 000yy | |
| 200 | 1 | @a优质提问教学法@9you zhi ti wen jiao xue fa@dQuality questioning@e让每个学生都参与其中@eresearch-based practice to engage every learner@f(美)Jackie Acree Walsh,(美)Beth Dankert Sattes著@g刘彦译@zeng |
| 210 | @a北京@c中国轻工业出版社@d2009 | |
| 215 | @a150页@c图@d25cm | |
| 305 | @aCorwin Press, Inc.授权翻译出版 | |
| 330 | @a本书详细阐述了准备问题、陈述问题、激发学生的回答、对学生的回答进行加工以及对提问行为进行反思这五个阶段,对每个阶段进行了分析。 | |
| 510 | 1 | @aQuality questioning@eresearch-based practice to engage every learner@zeng |
| 517 | 1 | @a让每个学生都参与其中@9rang mei ge xue sheng dou can yu qi zhong |
| 606 | 0 | @a课堂教学@x教学法@x中小学 |
| 606 | 0 | @a教学理论 |
| 690 | @aG632.421@v5 | |
| 690 | @aG424.1@v4 | |
| 701 | 0 | @c(美)@a沃尔什@9wo er shi@c(女,Walsh, Jackie Acree)@4著 |
| 701 | 0 | @c(美)@a萨特斯@9sa te si@c(女,Sattes, Beth Dankert)@4著 |
| 702 | 0 | @a刘彦@9liu yan@4译 |
| 801 | 0 | @aCN@bTSSF@c20150131 |
| 905 | @aZUCC@dG424.1@eP237 | |
| 优质提问教学法=Quality questioning:让每个学生都参与其中:research-based practice to engage every learner/(美)Jackie Acree Walsh,(美)Beth Dankert Sattes著/刘彦译.-北京:中国轻工业出版社,2009 |
| 150页:图;25cm |
| ISBN 978-7-5019-6691-2:CNY19.00 |
| 本书详细阐述了准备问题、陈述问题、激发学生的回答、对学生的回答进行加工以及对提问行为进行反思这五个阶段,对每个阶段进行了分析。 |
| ● |
| 相关链接 |
|
|
|
|
正题名:优质提问教学法
索取号:G424.1/P237
 
预约/预借
| 序号 | 登录号 | 条形码 | 馆藏地/架位号 | 状态 | 备注 |
| 1 | 7203938 | 272039386 | 密集书库—物理系/ [索取号:G424.1/P237] | 在馆 |